| 000 -LEADER |
| fixed length control field |
00920nam a2200253 4500 |
| 001 - CONTROL NUMBER |
| control field |
22711 |
| 003 - CONTROL NUMBER IDENTIFIER |
| control field |
BD-DhUAP |
| 005 - DATE AND TIME OF LATEST TRANSACTION |
| control field |
20250702141003.0 |
| 008 - FIXED-LENGTH DATA ELEMENTS--GENERAL INFORMATION |
| fixed length control field |
160805s2016 sz ae 000 0 eng |
| 020 ## - INTERNATIONAL STANDARD BOOK NUMBER |
| International Standard Book Number |
9783038600213 |
| 040 ## - CATALOGING SOURCE |
| Original cataloging agency |
DLC |
| Language of cataloging |
eng |
| Transcribing agency |
BD-DhUAP |
| Description conventions |
BD-DhUAP |
| Modifying agency |
BD-DhUAP |
| 043 ## - GEOGRAPHIC AREA CODE |
| Geographic area code |
a-bg--- |
| 082 ## - DEWEY DECIMAL CLASSIFICATION NUMBER |
| Edition number |
23 |
| Classification number |
725 FRA |
| 100 ## - MAIN ENTRY--PERSONAL NAME |
| Personal name |
Frampton, Kenneth |
| Relator term |
Author . |
| 245 14 - TITLE STATEMENT |
| Title |
The Friendship centre : |
| Statement of responsibility, etc. |
Gaibandha, Bangladesh / |
| Remainder of title |
essay by Kenneth Frampton ; photographs by Hélène Binet. |
| 264 #1 - PRODUCTION, PUBLICATION, DISTRIBUTION, MANUFACTURE, AND COPYRIGHT NOTICE |
| Place of production, publication, distribution, manufacture |
Zurich : |
| Name of producer, publisher, distributor, manufacturer |
Park Books, |
| Date of production, publication, distribution, manufacture, or copyright notice |
[2016] |
| 300 ## - PHYSICAL DESCRIPTION |
| Extent |
112 pages : |
| Other physical details |
chiefly illustrations (chiefly color), plans ; |
| Dimensions |
30 cm . |
| 650 #0 - SUBJECT ADDED ENTRY--TOPICAL TERM |
| Topical term or geographic name entry element |
Architecture |
| Geographic subdivision |
Bangladesh |
| -- |
Gaibandha |
| Chronological subdivision |
21st century. |
| 650 #0 - SUBJECT ADDED ENTRY--TOPICAL TERM |
| Topical term or geographic name entry element |
Gaibandha (Bangladesh) |
| General subdivision |
Buildings, structures, etc. |
| 700 12 - ADDED ENTRY--PERSONAL NAME |
| Personal name |
Chowdhury, Kashef. |
| Title of a work |
Works. |
| Form subheading |
Selections. |
| 700 1# - ADDED ENTRY--PERSONAL NAME |
| Personal name |
Frampton, Kenneth, |
| Relator term |
author. |
| 700 1# - ADDED ENTRY--PERSONAL NAME |
| Personal name |
Binet, Hélène, |
| Relator term |
photographer. |
| 942 ## - ADDED ENTRY ELEMENTS (KOHA) |
| Source of classification or shelving scheme |
|
| Koha item type |
Book |